000
00323 a2200145 4500
001
147760
040
_c
Escola São Tomás de Aquino
100
_a
MAZZETTI, Maria
240
1
0
_a
Cara de lua cheia
_l
por
245
1
0
_a
Cara de lua cheia
300
_a
12
440
1
_a
Bakana
697
_a
*LITERATURA INFANTO
942
_c
BK
999
_c
147760
_d
147760